[Event "FRA-ch U18 Girls"]
[Site "Aix les Bains"]
[Date "2009.04.20"]
[Round "2"]
[White "Christophe, Lucie"]
[Black "Garma, Jovanka"]
[Result "1-0"]
[WhiteElo "1779"]
[BlackElo "1747"]
[PlyCount "21"]
[EventDate "2009.04.19"]
[EventType "swiss"]
[EventRounds "9"]
[EventCountry "FRA"]
[SourceTitle "CBM 130 Extra"]
[Source "ChessBase"]
[SourceDate "2009.07.02"]
[SourceVersion "2"]
[SourceVersionDate "2009.07.15"]
[SourceQuality "1"]

1. d4 d5 2. Bf4 Nf6 3. Nf3 e6 4. e3 h6 5. h3 b6 6. Nbd2 c5 7. c3 Ba6 8. Bxa6 Nxa6 9. Qa4+ Qd7 10. Qxa6 b5 11. Ne5 1-0

[Event "La Fere op 7th"]
[Site "La Fere"]
[Date "2008.07.09"]
[Round "6"]
[White "Bensdorp, Marlies"]
[Black "Christophe, Lucie"]
[Result "1-0"]
[WhiteElo "2284"]
[BlackElo "1760"]
[PlyCount "55"]
[EventDate "2008.07.05"]
[EventType "swiss"]
[EventRounds "9"]
[EventCountry "FRA"]
[SourceTitle "CBM 125 Extra"]
[Source "ChessBase"]
[SourceDate "2008.09.01"]
[SourceVersion "1"]
[SourceVersionDate "2008.09.01"]
[SourceQuality "1"]

1. d4 d5 2. c4 e6 3. Nc3 c6 4. e3 Nf6 5. Nf3 Be7 6. Qc2 Nbd7 7. b3 0-0 8. Bb2 b6 9. Bd3 Bb7 10. 0-0 c5 11. cxd5 exd5 12. Rac1 h6 13. Rfd1 Rc8 14. Bf5 Qc7 15. Qb1 Rcd8 16. dxc5 bxc5 17. Na4 Rde8 18. Qa1 Bc6 19. Bxd7 Bxd7 20. Nxc5 Bc6 21. b4 Qb6 22. Nd4 Ba8 23. Nf5 Bxc5 24. bxc5 Qc6 25. f3 Qe6 26. Bxf6 Qxf6 27. Qxf6 gxf6 28. Nxh6+ 1-0

[Event "La Fere op 7th"]
[Site "La Fere"]
[Date "2008.07.06"]
[Round "3"]
[White "Ben Porat, Zeev"]
[Black "Christophe, Lucie"]
[Result "1-0"]
[WhiteElo "2008"]
[BlackElo "1760"]
[PlyCount "141"]
[EventDate "2008.07.05"]
[EventType "swiss"]
[EventRounds "9"]
[EventCountry "FRA"]
[SourceTitle "CBM 125 Extra"]
[Source "ChessBase"]
[SourceDate "2008.09.01"]
[SourceVersion "1"]
[SourceVersionDate "2008.09.01"]
[SourceQuality "1"]

1. e4 d5 2. exd5 Qxd5 3. Nc3 Qa5 4. d4 c6 5. Bc4 Nf6 6. Bd2 Qc7 7. Nf3 Bf5 8. Ne5 e6 9. g4 Be4 10. Nxe4 Nxe4 11. Bf4 Nd6 12. Bb3 Nd7 13. Qe2 Nxe5 14. dxe5 Nb5 15. 0-0-0 Qb6 16. Qd2 Rd8 17. Qxd8+ Qxd8 18. Rxd8+ Kxd8 19. Be3 b6 20. a4 Nc7 21. a5 c5 22. Rd1+ Kc8 23. Bg5 h6 24. Rd8+ Kb7 25. Be7 Bxe7 26. Rxh8 Bg5+ 27. Kd1 Bf4 28. axb6 axb6 29. h3 Bxe5 30. c3 Nb5 31. Ke2 Nd6 32. Ke3 Kc7 33. Ra8 Kb7 34. Ra1 g5 35. Rh1 Bf4+ 36. Kf3 Kc7 37. Ba2 b5 38. h4 e5 39. Bd5 gxh4 40. Rxh4 f6 41. Rh1 Kb6 42. Ra1 Bg5 43. Ra8 c4 44. Ra1 Bf4 45. Rd1 Kc7 46. Be4 Bg5 47. Bg6 Kc6 48. Ke2 Bf4 49. f3 Bg5 50. Ra1 Kb6 51. Kd1 Bf4 52. Ra8 Bg5 53. Kc2 Kb7 54. Rh8 Kc7 55. Rh7+ Kb6 56. Be4 Bf4 57. Rd7 Nxe4 58. fxe4 Kc6 59. Rd1 Bg5 60. b3 cxb3+ 61. Kxb3 Be3 62. Rf1 Bg5 63. Rf3 Kc5 64. Rd3 Bh4 65. Rd5+ Kc6 66. Kb4 Be1 67. Rc5+ Kb6 68. Rxb5+ Kc6 69. Rd5 Kc7 70. Rd1 Bf2 71. Kb5 1-0

[Event "Bethune op-B 25th"]
[Site "Bethune"]
[Date "2004.12.29"]
[Round "5"]
[White "Desauty, Gerard"]
[Black "Christophe, Lucie"]
[Result "1-0"]
[WhiteElo "1560"]
[BlackElo "1370"]
[PlyCount "49"]
[EventDate "2004.12.26"]
[EventType "swiss"]
[EventRounds "7"]
[EventCountry "FRA"]
[SourceTitle "EXT 2006"]
[Source "ChessBase"]
[SourceDate "2005.11.24"]
[SourceVersion "1"]
[SourceVersionDate "2005.11.24"]
[SourceQuality "1"]

1. e4 d5 2. exd5 Qxd5 3. Nc3 Qa5 4. d4 c6 5. Bd3 Nf6 6. Bd2 Qc7 7. Nge2 Qd8 8. Bf4 Bg4 9. f3 Bh5 10. Qd2 e6 11. a3 Bd6 12. Bg5 h6 13. Bh4 Nbd7 14. Bg3 Qe7 15. 0-0-0 0-0-0 16. Bf2 Nf8 17. Nf4 Bxf4 18. Qxf4 Qd6 19. Qe3 Bg6 20. Bc4 a6 21. Bg3 Qd7 22. Qf4 Qe7 23. Qb8+ Kd7 24. Qxb7+ Ke8 25. Qxc6+ 1-0